01452nam a2200301 a 450000100060000000300080000600500170001400800410003103500190007204000270009104100130011808200180013110000390014924502680018824600260045624600610048226000750054330000290061850000790064750000840072650400510081065000390086165000290090070000440092994200120097399900170098595201480100232041BD-RjUL20211209051800.0140423r19361924enk 001 0 eng d a(BD-RjUL)32130 aDLCbengcDLCdBD-RjUL1 aenghger04a270bPAH 19361 aPastor, Ludwig,d1854-1928.99752014aThe history of the popes, from the close of the Middle Ages :bdrawn from the secret archives of the Vatican and other original sources /cfrom the German of Ludwig Pastor ; edited by Ralph Francis Kerr.pVolume XIV :nMarcellus II (1555) ;nApul IV. (1555-1559).15aHistory of the popes.3 aHistory of the popes, from the close of the Middle Ages. aLondon :bKegan Paul, Trench, Trübner & Co.,c1924 [Reprinted 1936]. axxiv, , 509 p. ;c23 cm. aTranslation of: Geschichte der Päpste seit dem Ausgang des Mittelalters. aCovers the period from the election of Julius III in 1550 to his death in 1555. aIncludes bibliographical references and index. 0aCatholic Church xHistory 9116099 0aPapacy xHistory91161001 aKerr, Ralph Francis,d1874-1932.994371 2ddccBK c32041d32041 00102ddc40718NFICaRUCLbRUCLcReadingd1955-03-08eSIMPKIM MASSHALLg18.00l0o270 PAH V-14 1936r2014-04-23 00:00:00tC-1w2021-12-09yBK